Plastic surgery : (Record no. 172221)
[ view plain ]
| 000 -LEADER | |
|---|---|
| fixed length control field | 01221nam a22003137a 4500 |
| 003 - CONTROL NUMBER IDENTIFIER | |
| control field | OSt |
| 005 - DATE AND TIME OF LATEST TRANSACTION | |
| control field | 20250822125410.0 |
| 008 - FIXED-LENGTH DATA ELEMENTS--GENERAL INFORMATION | |
| fixed length control field | 250710b |||||||| |||| 00| 0 eng d |
| 020 ## - INTERNATIONAL STANDARD BOOK NUMBER | |
| International Standard Book Number | 9780323356985 (Hardcover) |
| 024 ## - OTHER STANDARD IDENTIFIER | |
| Standard number or code | 9780323356985 |
| Additional codes following the standard number or code | volume 3 |
| 040 ## - CATALOGING SOURCE | |
| Original cataloging agency | NUST |
| Language of cataloging | eng |
| Transcribing agency | NUST |
| Modifying agency | NUST |
| Description conventions | rda |
| 050 ## - LIBRARY OF CONGRESS CALL NUMBER | |
| Classification number | RD118 PLA |
| 245 ## - TITLE STATEMENT | |
| Title | Plastic surgery : |
| Remainder of title | craniofacial, head and neck surgery, and pediatric surgery, volume 3 / |
| Statement of responsibility, etc. | edited by Eduardo D. Rodriquez, Joseph E. Losee, Peter C. Neligan and Daniel Z. Liu |
| 250 ## - EDITION STATEMENT | |
| Edition statement | Fourth edition. |
| 260 ## - PUBLICATION, DISTRIBUTION, ETC. | |
| Place of publication, distribution, etc. | London : |
| Name of publisher, distributor, etc. | Elsevier, |
| Date of publication, distribution, etc. | ©2018. |
| 300 ## - PHYSICAL DESCRIPTION | |
| Extent | xxxix, 994 pages : |
| Other physical details | Illustrations ; |
| Dimensions | 28 cm. |
| 336 ## - CONTENT TYPE | |
| Source | rdacontent |
| Content type term | text |
| Content type code | txt |
| 337 ## - MEDIA TYPE | |
| Source | rdamedia |
| Media type term | unmediated |
| Media type code | n |
| 338 ## - CARRIER TYPE | |
| Source | rdacarrier |
| Carrier type term | volume |
| Carrier type code | nc |
| 504 ## - BIBLIOGRAPHY, ETC. NOTE | |
| Bibliography, etc. note | Includes bibliographical references and index. |
| 650 ## - SUBJECT ADDED ENTRY--TOPICAL TERM | |
| Topical term or geographic name entry element | Plastic surgery |
| General subdivision | Reparative surgery. |
| 650 ## - SUBJECT ADDED ENTRY--TOPICAL TERM | |
| Topical term or geographic name entry element | Plastic Surgery |
| General subdivision | Procedures. |
| 650 ## - SUBJECT ADDED ENTRY--TOPICAL TERM | |
| Topical term or geographic name entry element | Surgery, Plastic. |
| 700 ## - ADDED ENTRY--PERSONAL NAME | |
| Personal name | Rodriguez, D. Edwardo |
| Relator term | Editor |
| 700 ## - ADDED ENTRY--PERSONAL NAME | |
| Personal name | Losee, E. Joseph |
| Relator term | Editor |
| 700 ## - ADDED ENTRY--PERSONAL NAME | |
| Personal name | Neligan, Peter C. |
| Relator term | Editor -in- Chief |
| 700 ## - ADDED ENTRY--PERSONAL NAME | |
| Personal name | Liu, Z. Daniel |
| Relator term | Multimedia editor |
| 942 ## - ADDED ENTRY ELEMENTS (KOHA) | |
| Source of classification or shelving scheme | Library of Congress Classification |
| Koha item type | Ordinary Loan Books |
| Edition | Fourth edition. |
| Classification part | RD118 PLA |
| Call number prefix | RD |
| Call number suffix | PLA |
| Suppress in OPAC | No |
| Withdrawn status | Lost status | Source of classification or shelving scheme | Damaged status | Not for loan | Collection | Home library | Current library | Shelving location | Date acquired | Source of acquisition | Cost, normal purchase price | Total Checkouts | Full call number | Barcode | Date last seen | Accession number | Cost, replacement price | Price effective from | Koha item type | Public note |
|---|---|---|---|---|---|---|---|---|---|---|---|---|---|---|---|---|---|---|---|---|
| LCC | NFIC | MEDICAL | MEDICAL | GEN | 07/10/2025 | Book Aid International | 295.00 | RD118 PLA | 92004054464 | 07/10/2025 | 62180 | 295.00 | 07/10/2025 | BOOKS | Donation |